Use of admixtures for concrete (Record no. 550892)
[ view plain ]
| 000 -LEADER | |
|---|---|
| fixed length control field | 00293nam a22001337a 4500 |
| 082 ## - DEWEY DECIMAL CLASSIFICATION NUMBER | |
| Classification number | P-22 |
| 100 ## - MAIN ENTRY--PERSONAL NAME | |
| Personal name | Shameel Ahmed |
| 9 (RLIN) | 47740 |
| 245 ## - TITLE STATEMENT | |
| Title | Use of admixtures for concrete |
| 260 ## - PUBLICATION, DISTRIBUTION, ETC. | |
| Place of publication, distribution, etc. | MCE |
| Date of publication, distribution, etc. | 2000 |
| 300 ## - PHYSICAL DESCRIPTION | |
| Extent | P-85 |
| 526 ## - STUDY PROGRAM INFORMATION NOTE | |
| Program name | 0 |
| Interest level | 0 |
| Reading level | 0 |
| Title point value | P_22 |
| 700 ## - ADDED ENTRY--PERSONAL NAME | |
| Personal name | Marwat |
| 9 (RLIN) | 47741 |
| 942 ## - ADDED ENTRY ELEMENTS (KOHA) | |
| Source of classification or shelving scheme | |
| Koha item type | Book |
| Withdrawn status | Lost status | Source of classification or shelving scheme | Damaged status | Not for loan | Permanent Location | Current Location | Date acquired | Total Checkouts | Full call number | Barcode | Date last seen | Date last checked out | Price effective from | Koha item type | Public note |
|---|---|---|---|---|---|---|---|---|---|---|---|---|---|---|---|
| Military College of Engineering (MCE) | Military College of Engineering (MCE) | 11/26/2014 | 1 | P-22 | MCE-P-22 | 03/26/2015 | 03/26/2015 | 11/26/2014 | Book | Project |
